000 01463nam a2200409 i 4500
999 _c50245
_d50245
001 50245
003 ES-MaCES
005 20220408040013.0
008 171120s2017 sp 000 | spa d
017 _aV 720-2017
_bDL
020 _a9788491199939
040 _aES-MaCES
_bspa
_cES-MaCES
100 1 _938746
_aNavarro García, Albert
245 1 4 _aLos riesgos del copago y su polémica expansión
_b: análisis jurídico
_cAlbert Navarro García ; pr., Mª Luisa Esteve Pardo
260 _aValencia
_bTirant lo Blanch
_c2017
300 _a307 p.
_c22 cm
490 1 _aTirant monografías. Alta calidad en investigación jurídica
504 _aBibliografía: p. 295-307
541 0 _cCompra
650 4 _aEstado-Benefactor
_929481
650 4 _aservicios públicos
_927230
650 4 _aservicios sociales
_927056
650 4 _aeducación
_927367
650 4 _aasistencia médica
_930272
650 4 _aadministración de justicia
_927204
650 4 _afinanciación de la seguridad social
_930265
650 4 _ametodo de financiación
_930750
650 4 _acombinación de sector público y privado
_930718
650 4 _areforma de la seguridad social
_930668
650 4 _aEspaña
_926964
650 4 _arégimen jurídico
_929894
653 1 0 _aDerecho del trabajo y Seguridad Social
700 1 _938747
_aEsteve Pardo, María Luisa
_epr.
830 0 _aTirant monografías
_932480
902 _aLIB Libro
942 _2CES
_cBK
_h6.0.1.